[Event "AUTO-OPEN-3549"]
[Site "http://www.queenalice.com/game.php?id=1409006"]
[Date "2016.2.13"]
[Round "2"]
[White "franz_ferdinand"]
[Black "helly"]
[Result "0-1"]
[WhiteElo "1979"]
[BlackElo "2329"]

1. d4 d5 2. c4 e6 3. Nc3 c6 4. e4 dxe4 5. Nxe4 Bb4+ 6. Bd2 Bxd2+ 7. Qxd2 Nf6 8.
Ng3 O-O 9. Nf3 b6 10. Bd3 Bb7 11. O-O Nbd7 12. Ne4 Nxe4 13. Bxe4 Nf6 14. Bc2 c5
15. dxc5 Bxf3 16. Qxd8 Rfxd8 17. gxf3 Rd2 18. Be4 Nxe4 19. fxe4 bxc5 20. b3 Rad8
0-1

[Event "AUTO-OPEN-3549"]
[Site "http://www.queenalice.com/game.php?id=1409007"]
[Date "2016.2.13"]
[Round "2"]
[White "helly"]
[Black "franz_ferdinand"]
[Result "1-0"]
[WhiteElo "2325"]
[BlackElo "1983"]

1. e4 c5 2. Nf3 d6 3. d4 cxd4 4. Nxd4 Nf6 5. Nc3 a6 6. Be2 e5 7. Nb3 Be6 8. O-O
Be7 9. Be3 Nc6 10. Nd5 Bxd5 11. exd5 Na5 12. c4 Nxb3 13. axb3 O-O 14. b4 Rc8 15.
Qa4 Nd7 16. Rfd1 Nb6 17. Qb3 f5 18. c5 Nd7 19. c6 f4 20. cxd7 1-0

[Event "AUTO-OPEN-3564"]
[Site "http://www.queenalice.com/game.php?id=1413252"]
[Date "2016.3.13"]
[Round "2"]
[White "LOMBARDY"]
[Black "helly"]
[Result "0-1"]
[WhiteElo "2169"]
[BlackElo "2338"]

1. e4 c5 2. Nf3 d6 3. c3 Nf6 4. Bb5+ Bd7 5. Bxd7+ Nbxd7 6. d3 g6 7. Nbd2 Bg7 8.
a4 O-O 9. Nc4 Qc7 10. Bg5 Rab8 11. O-O b5 12. axb5 Rxb5 13. Qa4 Rb7 14. Ra2 Nb6
15. Nxb6 Qxb6 16. h3 Ra8 17. Be3 Nd7 18. Rd1 Qc7 19. d4 Rab8 20. b4 cxb4 21.
cxb4 Rxb4 22. Qxa7 R4b7 23. Qa5 Qc6 24. d5 Qc4 25. Qa4 Rb4 26. Qc2 Qxc2 27. Rxc2
Rxe4 28. Rc7 Nf6 29. Ra7 h6 30. Ra5 Nd7 31. Nd2 Reb4 32. g3 Ne5 33. Kg2 Rb2 34.
Ra7 Bf8 35. Bd4 R2b4 36. Bc3 R4b5 37. Bxe5 dxe5 38. Ne4 R5b7 39. Ra6 Kg7 40. d6
exd6 41. Nxd6 Bxd6 42. Raxd6 Rb2 43. Re1 Re8 44. Rd5 e4 45. Re3 Re7 46. g4 Re6
47. Rd4 f5 48. Kg3 Kf6 49. Rd5 Reb6 50. gxf5 gxf5 51. Ra3 R6b3+ 52. Rxb3 Rxb3+
53. Kg2 Kg5 54. Re5 h5 55. Kh2 Kf4 56. Ra5 Rb6 57. Ra3 Re6 58. Kg2 h4 59. Re3
Rg6+ 60. Kh2 Rd6 61. Kg1 Rd3 0-1

[Event "AUTO-OPEN-3564"]
[Site "http://www.queenalice.com/game.php?id=1413253"]
[Date "2016.3.13"]
[Round "2"]
[White "helly"]
[Black "LOMBARDY"]
[Result "1-0"]
[WhiteElo "2348"]
[BlackElo "2237"]

1. e4 c5 2. Nf3 d6 3. d4 cxd4 4. Nxd4 Nf6 5. Nc3 a6 6. Be2 e5 7. Nb3 Be6 8. O-O
Be7 9. Be3 O-O 10. f4 b5 11. Nd2 b4 12. Na4 Nc6 13. f5 Bd7 14. Nb6 Rb8 15. Nxd7
Qxd7 16. Bxa6 d5 17. exd5 Nxd5 18. Ne4 Rfd8 19. Qe2 Nxe3 20. Qxe3 Nd4 21. f6 Bf8
22. fxg7 Bxg7 23. Nf6+ Bxf6 24. Rxf6 Qe7 25. Raf1 Rf8 26. Bd3 e4 27. Bxe4 Qc5
28. Bxh7+ Kh8 29. Qh3 Nf3+ 30. Kh1 Ng5 31. Qh6 Nxh7 32. Rxf7 Rxf7 33. Rxf7 1-0

[Event "AUTO-OPEN-3549"]
[Site "http://www.queenalice.com/game.php?id=1421668"]
[Date "2016.5.6"]
[Round "3"]
[White "chess3480"]
[Black "helly"]
[Result "1-0"]
[WhiteElo "2411"]
[BlackElo "2357"]

1. b3 e5 2. Bb2 Nc6 3. e3 d5 4. Bb5 Bd6 5. f4 Qh4+ 6. g3 Qe7 7. Nf3 Bg4 8. fxe5
Bxf3 9. exd6 Qe4 10. Nc3 Qg4 11. Be2 Bxe2 12. Qxe2 Qxe2+ 13. Kxe2 cxd6 14. Nb5
Kf8 15. Nxd6 b6 16. Rhf1 f6 17. c4 1-0

[Event "AUTO-OPEN-3549"]
[Site "http://www.queenalice.com/game.php?id=1421669"]
[Date "2016.5.6"]
[Round "3"]
[White "helly"]
[Black "chess3480"]
[Result "1/2-1/2"]
[WhiteElo "2329"]
[BlackElo "2454"]

1. e4 c6 2. d4 d5 3. Nd2 dxe4 4. Nxe4 Nd7 5. Nf3 Ngf6 6. Ng3 Nb6 7. Bd3 Bg4 8.
c3 e6 9. h3 Bxf3 10. Qxf3 Qd5 11. Qxd5 Nbxd5 12. O-O Bd6 13. Ne4 Nxe4 14. Bxe4
O-O 15. g3 a5 16. c4 Nf6 17. Bg2 Rfd8 18. Be3 Bc7 19. Rfd1 Rd7 20. Kf1 Rad8 21.
Ke2 Bb6 22. d5 Bxe3 23. dxc6 bxc6 24. Rxd7 Rxd7 25. Kxe3 c5 26. Bf3 1/2-1/2

[Event "AUTO-OPEN-3550"]
[Site "http://www.queenalice.com/game.php?id=1424612"]
[Date "2016.5.24"]
[Round "3"]
[White "helly"]
[Black "pizzaiolo72"]
[Result "1-0"]
[WhiteElo "2345"]
[BlackElo "2091"]

1. e4 Nf6 2. e5 Nd5 3. d4 d6 4. Nf3 Bg4 5. Be2 Nc6 6. c4 Nb6 7. exd6 exd6 8. O-O
Be7 9. Nc3 O-O 10. b3 Bf6 11. Be3 Re8 12. h3 Bf5 13. Qd2 Qd7 14. d5 Ne5 15. Nd4
Bxh3 16. Ne4 Bf5 17. Nxf6+ gxf6 18. Bh6 Kh8 19. Qf4 Rg8 20. Nxf5 Rg6 21. Nh4 Rg4
22. Qxf6+ Kg8 23. Nf5 Rg6 24. Ne7+ Qxe7 25. Qxe7 Rxh6 26. Qxc7 Re8 27. Rfe1 f5
28. Bf1 Rg6 29. f4 Nf3+ 30. Kf2 Rxe1 31. Rxe1 Nxe1 32. Kxe1 1-0

[Event "AUTO-OPEN-3550"]
[Site "http://www.queenalice.com/game.php?id=1424613"]
[Date "2016.5.24"]
[Round "3"]
[White "pizzaiolo72"]
[Black "helly"]
[Result "0-1"]
[WhiteElo "2100"]
[BlackElo "2333"]

1. e4 c5 2. Nf3 d6 3. Nc3 Nc6 4. d4 cxd4 5. Nxd4 Nf6 6. Bb5 Bd7 7. O-O e6 8. Bg5
Be7 9. a3 Qc7 10. Qe2 a6 11. Nxc6 Bxc6 12. Bxc6+ Qxc6 13. Rad1 O-O 14. e5 dxe5
15. Qxe5 Rfd8 16. h3 h6 17. Bh4 Rac8 18. g4 Nd7 19. Qg3 g5 20. Bxg5 hxg5 21.
Rfe1 Nb6 22. Re2 Rxd1+ 23. Nxd1 Nd5 24. Qe5 Nf4 25. Rd2 Qg2# 0-1

[Event "Challenge"]
[Site "http://www.queenalice.com/game.php?id=1424619"]
[Date "2016.5.24"]
[Round "-"]
[White "helly"]
[Black "Albator007"]
[Result "0-1"]
[WhiteElo "2331"]
[BlackElo "2236"]

1. e4 c5 2. Nf3 Nc6 3. d4 cxd4 4. Nxd4 e5 5. Nb5 d6 6. N1c3 a6 7. Na3 b5 8. Nd5
Nge7 9. c3 Nxd5 10. Qxd5 Bb7 11. Be2 Qc7 12. Qd3 Rd8 13. Nc2 d5 14. exd5 Rxd5
15. Qg3 Rd6 16. f3 Rg6 17. Qf2 Be7 18. Be3 O-O 19. Rd1 f5 20. O-O Nd8 21. Rd2 f4
22. Bb6 Rxb6 0-1

[Event "AUTO-OPEN-3552"]
[Site "http://www.queenalice.com/game.php?id=1427444"]
[Date "2016.6.13"]
[Round "3"]
[White "helly"]
[Black "rsgaspar"]
[Result "0-1"]
[WhiteElo "2349"]
[BlackElo "2492"]

1. e4 c5 2. Nf3 Nc6 3. d4 cxd4 4. Nxd4 e5 5. Nb5 d6 6. c4 Nf6 7. N1c3 Be7 8. Be2
a6 9. Na3 Nd4 10. O-O Nxe2+ 11. Qxe2 O-O 12. Nc2 Be6 13. Ne3 Qd7 14. b3 b5 15.
Ncd5 Bxd5 16. Nxd5 Nxd5 17. cxd5 Rac8 18. Be3 f5 19. exf5 Qxf5 20. Rac1 Qe4 21.
Qd2 Bh4 22. Rfd1 Be7 23. h3 b4 24. Bb6 h6 25. Be3 a5 26. f3 Qg6 27. Rc6 Ra8 28.
Rf1 Kh7 29. Kh1 Bh4 30. Qc2 Qxc2 31. Rxc2 e4 32. f4 Bg3 33. Rc7 Rf5 34. Bd4 Rg8
35. Re7 Rxd5 36. Rxe4 Rc8 37. Bf2 Bxf2 38. Rxf2 Rc7 39. g4 Rc3 0-1

[Event "AUTO-OPEN-3552"]
[Site "http://www.queenalice.com/game.php?id=1427445"]
[Date "2016.6.13"]
[Round "3"]
[White "rsgaspar"]
[Black "helly"]
[Result "1-0"]
[WhiteElo "2498"]
[BlackElo "2341"]

1. e4 c5 2. Nf3 d6 3. d4 cxd4 4. Nxd4 Nf6 5. Nc3 g6 6. Be3 Bg7 7. f3 O-O 8. Qd2
Nc6 9. Be2 Bd7 10. O-O a6 11. Nxc6 Bxc6 12. a4 Qc7 13. a5 Nd7 14. Ra3 Rac8 15.
b4 Rfe8 16. Rd1 Qb8 17. Nd5 Bxd5 18. exd5 Ne5 19. Bd4 Nc4 20. Bxc4 Rxc4 21. Bxg7
Kxg7 22. c3 Qc7 23. Qe3 Rc8 24. Rd3 Qd7 25. Ra1 R8c7 26. Qd2 Qf5 27. Re3 Qc8 28.
Rae1 Qf5 29. Rc1 Qd7 30. g4 Rc8 31. Rce1 Re8 32. Rd3 Rec8 33. Kg2 Qc7 34. Rde3
Re8 35. R1e2 Qd7 36. Qd3 Qb5 37. Kg3 e6 38. dxe6 Rxe6 39. Rxe6 fxe6 40. Qxd6 1-0

[Event "AUTO-OPEN-3564"]
[Site "http://www.queenalice.com/game.php?id=1433523"]
[Date "2016.7.28"]
[Round "3"]
[White "reycas"]
[Black "helly"]
[Result "0-1"]
[WhiteElo "2184"]
[BlackElo "2315"]

1. e4 c5 2. f4 Nc6 3. Nf3 g6 4. d4 cxd4 5. Nxd4 Bg7 6. c3 Qb6 7. Nxc6 bxc6 8.
Bd3 Nf6 9. Qe2 O-O 10. Be3 Qb7 11. Na3 Rb8 12. Rb1 d6 13. f5 d5 14. e5 Ne4 15.
fxg6 hxg6 16. Bf4 Nc5 17. Bc2 Ne6 18. Bg3 Qb6 19. h4 Ba6 20. Qf3 Qc7 21. Qe3 c5
22. h5 d4 23. cxd4 cxd4 24. Qe4 Rxb2 25. Rxb2 Qc3+ 26. Kd1 Bh6 27. Be1 Qxb2 28.
Bd2 Bxd2 29. Kxd2 Qc3+ 30. Kd1 d3 31. hxg6 dxc2+ 32. Nxc2 Rd8+ 33. Kc1 Qd2+ 34.
Kb2 Rb8+ 35. Ka3 Qc3+ 0-1

[Event "AUTO-OPEN-3564"]
[Site "http://www.queenalice.com/game.php?id=1433524"]
[Date "2016.7.28"]
[Round "3"]
[White "helly"]
[Black "reycas"]
[Result "1-0"]
[WhiteElo "2323"]
[BlackElo "2162"]

1. e4 Nf6 2. e5 Nd5 3. d4 d6 4. Nf3 g6 5. c4 Nb6 6. Nc3 Bg7 7. exd6 cxd6 8. h3
O-O 9. Bd3 Nc6 10. Be3 e5 11. d5 Nb4 12. Be2 h6 13. O-O Bf5 14. Rc1 g5 15. a3
Na6 16. b4 Rc8 17. Nb5 Ra8 18. Nd2 Nc7 19. Nc3 Bg6 20. Nb3 Nd7 21. Na5 b6 22.
Nc6 Qe8 23. f3 f5 24. Bf2 Nf6 25. c5 bxc5 26. bxc5 dxc5 27. Bc4 Kh7 28. Bxc5 Rh8
29. Re1 e4 30. fxe4 Nxe4 31. Nxe4 fxe4 32. Ne7 Bf6 33. Nxg6 Kxg6 34. Rxe4 Qd7
35. d6 Ne8 36. Re7 Bxe7 37. Qh5+ Kh7 38. Qf7+ Ng7 39. Bd3+ 1-0

[Event "AUTO-MASTER-2382"]
[Site "http://www.queenalice.com/game.php?id=1433957"]
[Date "2016.7.31"]
[Round "2"]
[White "tercer"]
[Black "helly"]
[Result "1-0"]
[WhiteElo "2260"]
[BlackElo "2334"]

1. d4 d5 2. c4 c6 3. Nf3 dxc4 4. e3 b5 5. a4 e6 6. axb5 cxb5 7. b3 Bb4+ 8. Bd2
Bxd2+ 9. Nbxd2 a5 10. bxc4 b4 11. Bd3 Nf6 12. O-O O-O 13. Qc2 Nc6 14. Ne4 h6 15.
d5 exd5 16. cxd5 Nb8 17. Nxf6+ Qxf6 18. Rfc1 Nd7 19. Qc6 Qxc6 20. dxc6 Nf6 21.
Nd4 a4 22. Rcb1 Nd5 23. e4 Nf4 24. Bb5 Re8 25. f3 Rd8 26. Rxb4 a3 27. c7 Rxd4
28. Rxd4 Ne6 29. Rd8+ 1-0

[Event "AUTO-MASTER-2382"]
[Site "http://www.queenalice.com/game.php?id=1433961"]
[Date "2016.7.31"]
[Round "2"]
[White "helly"]
[Black "nemeth"]
[Result "1/2-1/2"]
[WhiteElo "2316"]
[BlackElo "2271"]

1. e4 c5 2. Nf3 a6 3. d4 cxd4 4. Nxd4 Nf6 5. Nc3 d6 6. Be2 e5 7. Nb3 Be6 8. O-O
Be7 9. Be3 d5 10. exd5 Nxd5 11. Nxd5 Bxd5 12. c4 Bc6 13. Qxd8+ Bxd8 14. Nc5 O-O
15. Rad1 Be7 16. f3 a5 17. Bf2 Na6 18. Nxb7 Rfb8 19. Nxa5 Nb4 20. Nxc6 Nxc6 21.
Rd7 Rxb2 22. Bd3 Kf8 23. c5 Raxa2 24. Rc7 Nd8 25. Rc8 g6 26. c6 Ke8 27. Bc4 Ra4
28. Rc1 Rxc4 29. Rxc4 Rb1+ 30. Be1 Rxe1+ 31. Kf2 Rd1 32. c7 Rd7 33. cxd8=Q+ Bxd8
34. Ke3 Ke7 35. Rb4 f6 36. Rbb8 h5 37. Rc6 Kf7 38. Rb5 Be7 39. Rbb6 Ra7 40. Rc2
Ra3+ 41. Ke4 Ra4+ 42. Ke3 Ra3+ 43. Ke2 Ra7 44. Rbc6 1/2-1/2

[Event "AUTO-MASTER-2382"]
[Site "http://www.queenalice.com/game.php?id=1433962"]
[Date "2016.7.31"]
[Round "2"]
[White "nemeth"]
[Black "helly"]
[Result "0-1"]
[WhiteElo "2294"]
[BlackElo "2320"]

1. e4 c5 2. Nf3 d6 3. d4 cxd4 4. Nxd4 Nf6 5. Nc3 g6 6. f3 Bg7 7. Be3 O-O 8. Qd2
Nc6 9. Bc4 Bd7 10. a3 Rc8 11. Ba2 Nxd4 12. Bxd4 a6 13. g4 Bc6 14. h4 h5 15. Bxf6
Bxf6 16. gxh5 Kh7 17. hxg6+ fxg6 18. h5 g5 19. Qd3 Bxc3+ 20. bxc3 Bd7 21. Qd5
Rc5 22. Qd2 Qa5 23. O-O Qxc3 24. Qg2 Bb5 25. Be6 Bxf1 26. Rxf1 Qxc2 27. Qg4 Rf4
28. Qg3 Qd3 29. Qg2 Qe3+ 30. Qf2 Qxf2+ 31. Rxf2 Rc3 32. Rb2 b5 33. a4 Rfxf3 34.
axb5 axb5 35. Rxb5 Kh6 36. Rb7 g4 37. Rxe7 Rc1+ 38. Kg2 Rc2+ 39. Kg1 Ra3 0-1